[Event "CHI-chT"]
[Site "Chile"]
[Date "2023.11.10"]
[Round "7.2"]
[White "Avalos Herrera, Ian"]
[Black "Pena Cifuentes, Tomas Alberto"]
[Result "0-1"]
[WhiteElo "1651"]
[BlackElo "2102"]
[PlyCount "98"]
[EventDate "2023.11.07"]
[EventType "team-tourn"]
[EventRounds "7"]
[EventCountry "CHI"]
[SourceTitle "CB46_2023"]
[SourceDate "2023.11.15"]
[SourceVersion "1"]
[SourceVersionDate "2023.11.15"]
[SourceQuality "1"]
[WhiteTeam "USM (V)"]
[BlackTeam "PUC"]
[WhiteTeamCountry "CHI"]
[BlackTeamCountry "CHI"]

1. d4 Nf6 2. c4 e6 3. Nf3 d5 4. g3 Be7 5. Bg2 0-0 6. 0-0 c6 7. Nc3 b6 8. Ne5 Ba6 9. cxd5 cxd5 10. Qa4 Qe8 11. Qxe8 Rxe8 12. Bd2 Nbd7 13. Nxd7 Nxd7 14. Rfc1 Rac8 15. Bf1 Nb8 16. e3 Bxf1 17. Kxf1 Bb4 18. a3 Bxc3 19. Rxc3 Rxc3 20. Bxc3 Rc8 21. Rc1 f5 22. Bd2 Nc6 23. Bb4 Kf7 24. Bd6 Ke8 25. b4 Kd7 26. Bf4 a6 27. Ke1 Na7 28. Rxc8 Kxc8 29. a4 Kd7 30. Kd2 b5 31. a5 Nc6 32. Kc3 Nd8 33. h4 Nf7 34. Kd3 g6 35. f3 h6 36. e4 fxe4+ 37. fxe4 h5 38. exd5 exd5 39. Ke3 Ke6 40. Bc7 Kf5 41. Bf4 Kg4 42. Bc7 Nh6 43. Kf2 Nf7 44. Ke3 g5 45. hxg5 Nxg5 46. Bf4 Ne4 47. Be5 Nxg3 48. Kf2 h4 49. Bd6 Ne4+ 0-1

[Event "Temuco de la Frontera"]
[Site "Temuco"]
[Date "2022.01.09"]
[Round "7"]
[White "Pena Cifuentes, Tomas Alberto"]
[Black "Andrade Mayorga, Rodolfo"]
[Result "1-0"]
[WhiteElo "2044"]
[BlackElo "1523"]
[PlyCount "53"]
[EventDate "2022.01.07"]
[EventType "tourn"]
[EventRounds "9"]
[EventCountry "CHI"]
[SourceTitle "CBM 206 Extra"]
[Source "ChessBase"]
[SourceDate "2022.03.31"]
[SourceVersion "1"]
[SourceVersionDate "2022.03.31"]
[SourceQuality "1"]

1. d4 d5 2. c4 Nf6 3. cxd5 e6 4. dxe6 Bxe6 5. Nc3 Bb4 6. e3 0-0 7. Nf3 h6 8. Be2 c5 9. 0-0 Nc6 10. a3 cxd4 11. axb4 dxc3 12. bxc3 Qc7 13. Nd4 Bd7 14. Nb5 Qe5 15. Qd6 a6 16. Qxe5 Nxe5 17. Nd6 Bc6 18. c4 Rab8 19. Bb2 Ng6 20. Nf5 Kh7 21. Rfd1 Rfe8 22. b5 axb5 23. cxb5 Bd7 24. Nxg7 Kxg7 25. Rxd7 Ne5 26. Rd6 Ned7 27. Rxd7 1-0

[Event "Temuco de la Frontera"]
[Site "Temuco"]
[Date "2022.01.07"]
[Round "2"]
[White "Palma Munoz, Oscar"]
[Black "Pena Cifuentes, Tomas Alberto"]
[Result "0-1"]
[WhiteElo "1587"]
[BlackElo "2044"]
[PlyCount "62"]
[EventDate "2022.01.07"]
[EventType "tourn"]
[EventRounds "9"]
[EventCountry "CHI"]
[SourceTitle "CBM 206 Extra"]
[Source "ChessBase"]
[SourceDate "2022.03.31"]
[SourceVersion "1"]
[SourceVersionDate "2022.03.31"]
[SourceQuality "1"]

1. d4 Nf6 2. c4 e6 3. Nf3 d5 4. g3 Be7 5. Bg2 0-0 6. 0-0 c6 7. Qc2 b6 8. Nbd2 Bb7 9. e4 Nbd7 10. Rd1 Rc8 11. e5 Ne8 12. b3 c5 13. Nf1 dxc4 14. Qxc4 Bd5 15. Qe2 cxd4 16. Bb2 Qc7 17. Bxd4 Qb7 18. Ne3 Be4 19. Rac1 Nc7 20. Nc4 Nb5 21. Bb2 Nc5 22. Ncd2 Bc6 23. h4 Rfd8 24. Nc4 h6 25. Ba1 a5 26. Rb1 Ne4 27. Rxd8+ Rxd8 28. Qe1 Bb4 29. Qc1 Nec3 30. Bxc3 Nxc3 31. a3 Ne2+ 0-1

[Event "Pan American-ch Hybrid U18 31st"]
[Site "Tornelo INT"]
[Date "2021.09.04"]
[Round "5"]
[White "Mollo, Jhoan"]
[Black "Pena Cifuentes, Tomas Alberto"]
[Result "0-1"]
[WhiteElo "2043"]
[BlackElo "2018"]
[PlyCount "54"]
[EventDate "2021.09.04"]
[EventType "swiss"]
[EventRounds "9"]
[EventCountry "NET"]
[SourceTitle "EXT 2023"]
[Source "ChessBase"]
[SourceDate "2022.10.05"]
[SourceVersion "1"]
[SourceVersionDate "2022.10.05"]
[SourceQuality "1"]

1. e4 d6 2. d4 Nf6 3. Bd3 e5 4. c3 Nbd7 5. f4 g6 6. Nf3 Bg7 7. 0-0 0-0 8. Re1 Re8 9. h3 d5 10. fxe5 dxe4 11. exf6 Nxf6 12. Bb5 c6 13. Bxc6 bxc6 14. Nh2 Nd5 15. Nd2 f5 16. Kh1 Nf4 17. Nxe4 Nxh3 18. Nf6+ Bxf6 19. Rxe8+ Qxe8 20. gxh3 Rb8 21. b4 Be6 22. Qd3 Bd5+ 23. Kg1 Qe1+ 24. Nf1 Re8 25. Qd2 Qxd2 26. Nxd2 Re1+ 27. Kh2 Bh4 0-1

[Event "Pan American-ch Hybrid U18 31st"]
[Site "Tornelo INT"]
[Date "2021.09.04"]
[Round "1"]
[White "Pena Cifuentes, Tomas Alberto"]
[Black "Alvarez Mejia, Yeremy Melvin"]
[Result "1-0"]
[WhiteElo "2018"]
[BlackElo "1275"]
[PlyCount "43"]
[EventDate "2021.09.04"]
[EventType "swiss"]
[EventRounds "9"]
[EventCountry "NET"]
[SourceTitle "EXT 2023"]
[Source "ChessBase"]
[SourceDate "2022.10.05"]
[SourceVersion "1"]
[SourceVersionDate "2022.10.05"]
[SourceQuality "1"]

1. d4 c6 2. c4 d5 3. cxd5 cxd5 4. Nc3 Nf6 5. Bf4 Nc6 6. e3 e6 7. Bd3 Bd6 8. Bxd6 Qxd6 9. f4 Nb4 10. Bb1 Bd7 11. Nf3 Ng4 12. Qe2 a6 13. Ne5 Nf6 14. 0-0 Ne4 15. Bxe4 dxe4 16. Nxe4 Qd5 17. Qh5 0-0 18. Ng5 h6 19. Ngxf7 Be8 20. Nxh6+ Kh7 21. Nhf7+ Kg8 22. Qh8# 1-0

[Event "Pan American-ch Hybrid U18 31st"]
[Site "Tornelo INT"]
[Date "2021.09.04"]
[Round "3"]
[White "Pena Cifuentes, Tomas Alberto"]
[Black "Castro Silva, Moises Antonio"]
[Result "0-1"]
[WhiteElo "2018"]
[BlackElo "1951"]
[PlyCount "104"]
[EventDate "2021.09.04"]
[EventType "swiss"]
[EventRounds "9"]
[EventCountry "NET"]
[SourceTitle "EXT 2023"]
[Source "ChessBase"]
[SourceDate "2022.10.05"]
[SourceVersion "1"]
[SourceVersionDate "2022.10.05"]
[SourceQuality "1"]

1. d4 Nf6 2. c4 e6 3. Nf3 b6 4. g3 Ba6 5. Qc2 Bb7 6. Bg2 c5 7. d5 exd5 8. cxd5 Bxd5 9. Nc3 Bc6 10. e4 d6 11. Bf4 Be7 12. 0-0-0 0-0 13. e5 Nh5 14. exd6 Bf6 15. Be3 Nd7 16. Nd5 g6 17. g4 Bxd5 18. Rxd5 Ng7 19. h4 Ne6 20. Kb1 b5 21. h5 Nb6 22. hxg6 fxg6 23. Rdd1 Qd7 24. g5 Bh8 25. Rh4 Nc4 26. Bc1 Rae8 27. Rdh1 Qg7 28. Qb3 Nxd6 29. Bh3 c4 30. Qa3 Nf5 31. Bxf5 Rxf5 32. Rxh7 Qxh7 33. Rxh7 Kxh7 34. Qxa7+ Bg7 35. Nh4 Re5 36. f4 Nxf4 37. Bxf4 Re1+ 38. Kc2 R8e2+ 39. Bd2 Rf1 40. Qb7 Rff2 41. Nf3 Re3 42. Qxb5 Rexf3 43. Qxc4 Rh3 44. Kd1 Rh1+ 45. Be1 Rff1 46. b4 Rxe1+ 47. Kd2 Ra1 48. Ke3 Rh3+ 49. Kf2 Rxa2+ 50. Kg1 Rhh2 51. Qd3 Rag2+ 52. Kf1 Rd2 0-1

[Event "Pan American-ch Hybrid U18 31st"]
[Site "Tornelo INT"]
[Date "2021.09.04"]
[Round "9"]
[White "Pena Cifuentes, Tomas Alberto"]
[Black "Titichoca Daza, Daniel Henry"]
[Result "1-0"]
[WhiteElo "2018"]
[BlackElo "2061"]
[PlyCount "69"]
[EventDate "2021.09.04"]
[EventType "swiss"]
[EventRounds "9"]
[EventCountry "NET"]
[SourceTitle "EXT 2023"]
[Source "ChessBase"]
[SourceDate "2022.10.05"]
[SourceVersion "1"]
[SourceVersionDate "2022.10.05"]
[SourceQuality "1"]

1. d4 d6 2. c4 Nf6 3. Nc3 Nbd7 4. e4 e5 5. d5 Be7 6. g3 Nc5 7. Bg2 a5 8. Nge2 c6 9. 0-0 a4 10. Be3 Qa5 11. h3 Nfd7 12. Bd2 Qa6 13. Rc1 0-0 14. b3 axb3 15. axb3 Nb6 16. Be3 Qa3 17. Rb1 cxd5 18. Nb5 Qa6 19. Nc7 Qa7 20. b4 Nxc4 21. bxc5 Nxe3 22. fxe3 Rb8 23. Nxd5 Bg5 24. cxd6 Be6 25. Kh2 Rfd8 26. h4 Bxe3 27. Bh3 Qc5 28. d7 Bh6 29. Qd3 Ra8 30. Rb5 Qa7 31. Bxe6 fxe6 32. Nc7 Qa2 33. Nxa8 Rxd7 34. Ra5 Qb2 35. Nb6 1-0

[Event "Pan American-ch Hybrid U18 31st"]
[Site "Tornelo INT"]
[Date "2021.09.04"]
[Round "8"]
[White "Piccoli, Lucas Fonseca"]
[Black "Pena Cifuentes, Tomas Alberto"]
[Result "0-1"]
[WhiteElo "2191"]
[BlackElo "2018"]
[PlyCount "102"]
[EventDate "2021.09.04"]
[EventType "swiss"]
[EventRounds "9"]
[EventCountry "NET"]
[SourceTitle "EXT 2023"]
[Source "ChessBase"]
[SourceDate "2022.10.05"]
[SourceVersion "1"]
[SourceVersionDate "2022.10.05"]
[SourceQuality "1"]

1. e4 e5 2. Nf3 Nc6 3. Bb5 a6 4. Ba4 Nf6 5. Qe2 b5 6. Bb3 d6 7. c3 Be7 8. 0-0 0-0 9. Rd1 Na5 10. Bc2 c5 11. d4 Qc7 12. d5 Bd7 13. Nbd2 g6 14. Nf1 Ne8 15. h3 Ng7 16. b3 Nb7 17. Bh6 f6 18. Kh2 Nd8 19. a4 Nf7 20. Bxg7 Kxg7 21. axb5 axb5 22. Bd3 Qb7 23. Ne3 Rfb8 24. b4 c4 25. Bc2 Bd8 26. Qe1 Bb6 27. Nd2 Rxa1 28. Rxa1 Ra8 29. Ndf1 Ra7 30. Qc1 Qa8 31. Rxa7 Qxa7 32. Qb2 Nh6 33. Bb1 f5 34. exf5 Nxf5 35. Nxf5+ Bxf5 36. Bxf5 gxf5 37. Ng3 Qf7 38. Qc2 Kg6 39. Qd1 Kf6 40. Qf3 Qg6 41. Qe2 Qg5 42. Qc2 Qf4 43. Kh1 Qxf2 44. Ne2 e4 45. Qd2 Be3 46. Qd1 f4 47. Nd4 Bxd4 48. cxd4 f3 49. gxf3 Qxf3+ 50. Qxf3+ exf3 51. Kg1 c3 0-1

[Event "South America-ch U20"]
[Site "Chess.com INT"]
[Date "2021.06.19"]
[Round "7"]
[White "Pena Cifuentes, Tomas Alberto"]
[Black "Donoso Diaz, Sebastian"]
[Result "1-0"]
[WhiteElo "1989"]
[BlackElo "2192"]
[PlyCount "79"]
[EventDate "2021.06.19"]
[EventType "swiss"]
[EventRounds "7"]
[EventCountry "CHI"]
[SourceTitle "CBM 203 Extra"]
[Source "ChessBase"]
[SourceDate "2021.09.30"]
[SourceVersion "1"]
[SourceVersionDate "2021.09.30"]
[SourceQuality "1"]

1. d4 d5 2. c4 dxc4 3. e4 e5 4. Nf3 exd4 5. Bxc4 Nc6 6. 0-0 Be6 7. Bb5 Bc5 8. b4 Bb6 9. a4 a6 10. Bxc6+ bxc6 11. a5 Ba7 12. Bb2 Nf6 13. Nxd4 Nxe4 14. Nxe6 Qxd1 15. Nxg7+ Kf8 16. Rxd1 Nxf2 17. Rd7 Nd3+ 18. Bd4 Ne5 19. Bxa7 Nxd7 20. Bd4 Rg8 21. Nf5 Rb8 22. Nc3 Rxb4 23. Rd1 Rg5 24. Bc5+ Ke8 25. Re1+ Kd8 26. Be7+ Kc8 27. Bxg5 Rc4 28. Ne4 Ne5 29. Ned6+ cxd6 30. Nxd6+ Kd7 31. Nxc4 Nxc4 32. Re7+ Kd6 33. Rxf7 Nxa5 34. Rxh7 c5 35. Rh6+ Kd5 36. Rxa6 Nc6 37. Rxc6 Kxc6 38. h4 c4 39. h5 Kd5 40. h6 1-0

[Event "South America-ch U20"]
[Site "Chess.com INT"]
[Date "2021.06.19"]
[Round "3"]
[White "Pena Cifuentes, Tomas Alberto"]
[Black "Jaque Gutierrez, Matias"]
[Result "0-1"]
[WhiteElo "1989"]
[BlackElo "2094"]
[PlyCount "104"]
[EventDate "2021.06.19"]
[EventType "swiss"]
[EventRounds "7"]
[EventCountry "CHI"]
[SourceTitle "CBM 203 Extra"]
[Source "ChessBase"]
[SourceDate "2021.09.30"]
[SourceVersion "1"]
[SourceVersionDate "2021.09.30"]
[SourceQuality "1"]

1. d4 d5 2. c4 e6 3. Nc3 c6 4. Nf3 Nf6 5. Bg5 dxc4 6. e4 b5 7. e5 h6 8. Bh4 g5 9. exf6 gxh4 10. Ne5 Qxf6 11. g3 Nd7 12. Nxc6 Bb7 13. Bg2 Rc8 14. d5 exd5 15. Qe2+ Qe6 16. Nd4 Qxe2+ 17. Ndxe2 Ne5 18. 0-0 Nd3 19. Nxb5 a6 20. Nbc3 Bg7 21. Bxd5 Bxd5 22. Nxd5 Bxb2 23. Rad1 Rd8 24. Nc7+ Ke7 25. Nf4 Nxf4 26. gxf4 Rhg8+ 27. Kh1 Rxd1 28. Rxd1 c3 29. Nd5+ Ke6 30. Ne3 Rc8 31. f5+ Ke5 32. Nc2 Kxf5 33. Kg2 Rg8+ 34. Kf3 h3 35. Rd5+ Ke6 36. Rh5 Rd8 37. Rxh6+ f6 38. Ke3 Rd2 39. Nd4+ Kd5 40. Rh5+ Kc4 41. Nb3 Rd6 42. Rc5+ Kb4 43. Rc8 Ka3 44. Ke2 Kxa2 45. Nc5 c2 46. Nd3 Rxd3 47. Rxc2 Rd6 48. Rc4 Kb3 49. Rh4 a5 50. Rxh3+ Bc3 51. Rh8 a4 52. Rb8+ Bb4 0-1

[Event "South America-ch U20"]
[Site "Chess.com INT"]
[Date "2021.06.19"]
[Round "1"]
[White "Rossel Grandon, Cristobal Alejandro"]
[Black "Pena Cifuentes, Tomas Alberto"]
[Result "0-1"]
[WhiteElo "1532"]
[BlackElo "1989"]
[PlyCount "42"]
[EventDate "2021.06.19"]
[EventType "swiss"]
[EventRounds "7"]
[EventCountry "CHI"]
[SourceTitle "CBM 203 Extra"]
[Source "ChessBase"]
[SourceDate "2021.09.30"]
[SourceVersion "1"]
[SourceVersionDate "2021.09.30"]
[SourceQuality "1"]

1. e4 d6 2. d4 Nf6 3. Nc3 e5 4. Be3 Be7 5. f3 Nbd7 6. Qd2 c6 7. 0-0-0 0-0 8. g4 b5 9. h4 Qa5 10. Kb1 b4 11. Nce2 Nb6 12. h5 Nfd7 13. h6 g6 14. Bg5 Nc4 15. Qc1 f6 16. Bd2 Rb8 17. Ng3 Ndb6 18. dxe5 Be6 19. exd6 Nxd2+ 20. Qxd2 Qxa2+ 21. Kc1 Qa1# 0-1

[Event "Pan American-ch U16"]
[Site "Guayaquil"]
[Date "2019.07.26"]
[Round "8"]
[White "Tomiello, Lucas Costamilan"]
[Black "Pena Cifuentes, Tomas Alberto"]
[Result "1/2-1/2"]
[WhiteElo "2133"]
[BlackElo "1991"]
[PlyCount "65"]
[EventDate "2019.07.21"]
[EventType "swiss"]
[EventRounds "9"]
[EventCountry "ECU"]
[SourceTitle "EXT 2020"]
[Source "ChessBase"]
[SourceDate "2019.10.17"]
[SourceVersion "1"]
[SourceVersionDate "2019.10.17"]
[SourceQuality "1"]

1. e4 e6 2. d4 d5 3. Nd2 Nc6 4. Ngf3 Nf6 5. e5 Nd7 6. Bb5 a6 7. Bxc6 bxc6 8. c4 dxc4 9. Nxc4 Nb6 10. Na5 c5 11. Bg5 Qd5 12. dxc5 Bxc5 13. 0-0 Bd7 14. Rc1 Bxf2+ 15. Rxf2 Qxa5 16. Qd4 Nd5 17. Qg4 Qa4 18. Qg3 Qe4 19. Bd2 Qg6 20. Qh4 Bb5 21. a4 Bd3 22. Qd4 0-0 23. Ne1 Bf5 24. Ba5 Qg4 25. Qxg4 Bxg4 26. Bxc7 Rfc8 27. Rfc2 Bd1 28. Rxd1 Rxc7 29. Rxc7 Nxc7 30. b4 Nd5 31. Nd3 Rb8 32. Rc1 h6 33. Rc4 1/2-1/2

[Event "Pan American-ch U16"]
[Site "Guayaquil"]
[Date "2019.07.24"]
[Round "5"]
[White "Pena Cifuentes, Tomas Alberto"]
[Black "Lu, Maximillian"]
[Result "1/2-1/2"]
[WhiteElo "1991"]
[BlackElo "2090"]
[PlyCount "96"]
[EventDate "2019.07.21"]
[EventType "swiss"]
[EventRounds "9"]
[EventCountry "ECU"]
[SourceTitle "EXT 2020"]
[Source "ChessBase"]
[SourceDate "2019.10.17"]
[SourceVersion "1"]
[SourceVersionDate "2019.10.17"]
[SourceQuality "1"]

1. d4 Nf6 2. Bg5 d5 3. Bxf6 exf6 4. e3 Bd6 5. c4 dxc4 6. Bxc4 0-0 7. Nc3 f5 8. Nf3 c6 9. Qc2 Nd7 10. Bd3 g6 11. h4 Nf6 12. 0-0-0 h5 13. Ng5 Kg7 14. Kb1 Qa5 15. f3 Bd7 16. Rde1 Rad8 17. e4 fxe4 18. fxe4 Ng4 19. e5 Be7 20. e6 Bxg5 21. hxg5 Bxe6 22. Bxg6 fxg6 23. Rxe6 Qxg5 24. Rhe1 Rf7 25. Ne4 Qf5 26. Nd6 Qxe6 27. Rxe6 Rf1+ 28. Qc1 Rxc1+ 29. Kxc1 Rd7 30. Kc2 Nf6 31. Kd3 Nd5 32. g3 Nc7 33. Re4 Kh6 34. Nc8 Nb5 35. a4 Nd6 36. Nxd6 Rxd6 37. b4 Rd7 38. Kc4 Kg7 39. b5 cxb5+ 40. Kxb5 Kf6 41. Kc5 g5 42. d5 Re7 43. Rd4 Rd7 44. d6 Ke5 45. Rd5+ Ke6 46. Rxg5 b6+ 47. Kb5 Rxd6 48. Rxh5 Rd7 1/2-1/2

[Event "Pan American-ch U16"]
[Site "Guayaquil"]
[Date "2019.07.21"]
[Round "1"]
[White "Pena Cifuentes, Tomas Alberto"]
[Black "Palma Munoz, Oscar"]
[Result "1-0"]
[WhiteElo "1991"]
[BlackElo "1558"]
[PlyCount "83"]
[EventDate "2019.07.21"]
[EventType "swiss"]
[EventRounds "9"]
[EventCountry "ECU"]
[SourceTitle "EXT 2020"]
[Source "ChessBase"]
[SourceDate "2019.10.17"]
[SourceVersion "1"]
[SourceVersionDate "2019.10.17"]
[SourceQuality "1"]

1. d4 Nf6 2. Bg5 d6 3. Bxf6 gxf6 4. e3 e5 5. c4 c6 6. Nc3 Be6 7. Nf3 Qa5 8. a3 e4 9. b4 Qf5 10. Nd2 d5 11. cxd5 cxd5 12. Qa4+ Bd7 13. Qb3 Be6 14. Bb5+ Nc6 15. Ndxe4 dxe4 16. d5 Bd6 17. dxe6 fxe6 18. Bxc6+ bxc6 19. Qc4 Be5 20. Qxc6+ Kf7 21. Rd1 Rac8 22. Qb7+ Kg6 23. Ne2 Rc7 24. Qa6 Qg4 25. h3 Qf5 26. 0-0 Rc2 27. Nd4 Bxd4 28. Rxd4 Rhc8 29. Qd6 e5 30. Rdd1 R8c6 31. Qb8 Qc8 32. Qxa7 Ra6 33. Qe7 Rc7 34. Rd8 Rxe7 35. Rxc8 Rxa3 36. Rb1 Rb7 37. b5 Ra5 38. b6 Ra6 39. Rc6 h6 40. Kf1 Kf7 41. Ke2 Ke8 42. Rxf6 1-0

[Event "Temuco Dalai Larama Cup 2nd"]
[Site "Temuco"]
[Date "2019.03.05"]
[Round "10.2"]
[White "Navarrete Sandoval, Francisco Javier"]
[Black "Pena Cifuentes, Tomas Alberto"]
[Result "1/2-1/2"]
[WhiteElo "2013"]
[BlackElo "1948"]
[PlyCount "37"]
[EventDate "2019.03.02"]
[EventType "swiss (rapid)"]
[EventRounds "10"]
[EventCountry "CHI"]
[SourceTitle "EXT 2024"]
[Source "ChessBase"]
[SourceDate "2023.10.10"]
[SourceVersion "1"]
[SourceVersionDate "2023.10.10"]
[SourceQuality "1"]

1. Nf3 d5 2. c4 e6 3. d4 Nf6 4. g3 Be7 5. Bg2 0-0 6. 0-0 dxc4 7. Ne5 Nc6 8. Bxc6 bxc6 9. Nxc6 Qe8 10. Nxe7+ Qxe7 11. Qa4 e5 12. dxe5 Qxe5 13. Qxc4 Be6 14. Qc2 Bf5 15. Qc4 Be6 16. Qa6 Bc8 17. Qd3 Bf5 18. Qa6 Bc8 19. Qd3 1/2-1/2

[Event "Temuco Dalai Larama Cup 2nd"]
[Site "Temuco"]
[Date "2019.03.04"]
[Round "6.3"]
[White "Pena Cifuentes, Tomas Alberto"]
[Black "Castillo Rivera, Carlos Alberto"]
[Result "1-0"]
[WhiteElo "1948"]
[BlackElo "1973"]
[PlyCount "41"]
[EventDate "2019.03.02"]
[EventType "swiss (rapid)"]
[EventRounds "10"]
[EventCountry "CHI"]
[SourceTitle "EXT 2024"]
[Source "ChessBase"]
[SourceDate "2023.10.10"]
[SourceVersion "1"]
[SourceVersionDate "2023.10.10"]
[SourceQuality "1"]

1. d4 Nf6 2. Bg5 Ne4 3. Bf4 d5 4. f3 Nf6 5. Nc3 Bf5 6. g4 Bg6 7. h4 h6 8. e3 e6 9. Qd2 a6 10. Bg2 c5 11. Nge2 Nc6 12. 0-0-0 Qa5 13. g5 Nd7 14. h5 Bh7 15. g6 fxg6 16. Bh3 Nb6 17. Bc7 Nd8 18. Nf4 Rc8 19. Bxb6 Qxb6 20. hxg6 cxd4 21. Ncxd5 1-0

[Event "Temuco Dalai Larama Cup 2nd"]
[Site "Temuco"]
[Date "2019.03.03"]
[Round "5.2"]
[White "Pena Cifuentes, Tomas Alberto"]
[Black "Navarrete Sandoval, Francisco Javier"]
[Result "1/2-1/2"]
[WhiteElo "1948"]
[BlackElo "2013"]
[PlyCount "37"]
[EventDate "2019.03.02"]
[EventType "swiss (rapid)"]
[EventRounds "10"]
[EventCountry "CHI"]
[SourceTitle "EXT 2024"]
[Source "ChessBase"]
[SourceDate "2023.10.10"]
[SourceVersion "1"]
[SourceVersionDate "2023.10.10"]
[SourceQuality "1"]

1. d4 d5 2. c4 e6 3. Nf3 Nf6 4. Nc3 Be7 5. Bf4 0-0 6. e3 c6 7. c5 Nbd7 8. Be2 b6 9. b4 a5 10. a3 Ba6 11. 0-0 Bxe2 12. Qxe2 Ne4 13. Nxe4 dxe4 14. Nd2 Nf6 15. Be5 Nd7 16. Bg3 Nf6 17. Be5 Nd7 18. Bg3 Nf6 19. Be5 1/2-1/2

[Event "Arica op 5th"]
[Site "Arica"]
[Date "2018.12.13"]
[Round "1"]
[White "Amonatov, Farrukh"]
[Black "Pena Cifuentes, Tomas Alberto"]
[Result "1-0"]
[WhiteElo "2614"]
[BlackElo "1959"]
[PlyCount "71"]
[EventDate "2018.12.13"]
[EventType "swiss"]
[EventRounds "10"]
[EventCountry "CHI"]
[SourceTitle "CBM 188 Extra"]
[Source "ChessBase"]
[SourceDate "2019.02.26"]
[SourceVersion "1"]
[SourceVersionDate "2019.02.26"]
[SourceQuality "1"]

1. e4 e6 2. d4 d5 3. Nc3 Bb4 4. e5 c5 5. a3 Bxc3+ 6. bxc3 Ne7 7. Qg4 Kf8 8. Bd3 Qa5 9. Bd2 Qa4 10. Qd1 Nbc6 11. Qb1 cxd4 12. Nf3 dxc3 13. Bxc3 b6 14. Bb4 Ba6 15. 0-0 Bxd3 16. cxd3 Nxb4 17. axb4 Qd7 18. b5 g6 19. Qb4 Kg7 20. Qf4 Rhd8 21. Ra4 d4 22. Qf6+ Kg8 23. Rxd4 Nd5 24. Qh4 Qe7 25. Ng5 h5 26. Re1 Nc3 27. Rf4 Rf8 28. g4 Nd5 29. Rf3 Qb4 30. Re4 Qb1+ 31. Kg2 Rac8 32. Rc4 Rxc4 33. dxc4 Ne7 34. gxh5 Nf5 35. Qg4 gxh5 36. Qxh5 1-0

[Event "Pan American-ch U16"]
[Site "Santiago de Chile"]
[Date "2018.07.25"]
[Round "6"]
[White "Pena Cifuentes, Tomas Alberto"]
[Black "Lu, Maximillian"]
[Result "0-1"]
[WhiteElo "1994"]
[BlackElo "2211"]
[PlyCount "84"]
[EventDate "2018.07.22"]
[EventType "swiss"]
[EventRounds "9"]
[EventCountry "CHI"]
[SourceTitle "EXT 2022"]
[Source "ChessBase"]
[SourceDate "2021.10.06"]
[SourceVersion "1"]
[SourceVersionDate "2021.10.06"]
[SourceQuality "1"]

1. d4 Nf6 2. Bg5 d5 3. Bxf6 exf6 4. e3 Bd6 5. c4 dxc4 6. Bxc4 f5 7. Nc3 Nd7 8. Nf3 Nf6 9. 0-0 c6 10. Rc1 0-0 11. Bd3 Qe7 12. Qc2 g6 13. Na4 Be6 14. Nc5 Bd5 15. a3 b6 16. Na4 Ng4 17. h3 Bxf3 18. gxf3 Nh2 19. f4 Nxf1 20. Bxf1 Rac8 21. b4 Qf6 22. Bg2 g5 23. fxg5 Qxg5 24. f4 Qe7 25. Qf2 c5 26. dxc5 bxc5 27. b5 c4 28. Nc3 Qe6 29. Nd5 Bxa3 30. Ra1 Bc5 31. Qh4 f6 32. Kh1 Rcd8 33. Rd1 c3 34. Qf2 Kh8 35. Rd3 Rg8 36. Nc7 Rxd3 37. Nxe6 Rd1+ 38. Bf1 c2 39. Qxc2 Rxf1+ 40. Kh2 Bxe3 41. Qxf5 Rf2+ 42. Kh1 Rg1+ 0-1

[Event "Pan American-ch U16"]
[Site "Santiago de Chile"]
[Date "2018.07.23"]
[Round "2"]
[White "Pena Cifuentes, Tomas Alberto"]
[Black "Alba, Nicolas"]
[Result "1-0"]
[WhiteElo "1994"]
[BlackElo "1852"]
[PlyCount "151"]
[EventDate "2018.07.22"]
[EventType "swiss"]
[EventRounds "9"]
[EventCountry "CHI"]
[SourceTitle "EXT 2022"]
[Source "ChessBase"]
[SourceDate "2021.10.06"]
[SourceVersion "1"]
[SourceVersionDate "2021.10.06"]
[SourceQuality "1"]

1. d4 Nf6 2. Bg5 g6 3. Bxf6 exf6 4. e3 Bg7 5. h4 h5 6. Ne2 d6 7. c4 Nd7 8. Nbc3 f5 9. g3 Nf6 10. Bg2 0-0 11. 0-0 Re8 12. Rc1 Ng4 13. Nf4 c6 14. b4 Bd7 15. d5 Rc8 16. dxc6 Bxc6 17. Ncd5 b6 18. Qb3 Qd7 19. b5 Bxd5 20. Bxd5 Ne5 21. Rfd1 Red8 22. a4 Kh7 23. Qb4 Qc7 24. Kg2 Qc5 25. Qxc5 Rxc5 26. Nd3 Nxd3 27. Rxd3 Rc7 28. Bc6 Bf6 29. Rcd1 Be7 30. a5 Rb8 31. f4 Kg7 32. Kf3 Kf6 33. axb6 axb6 34. Ra1 Bf8 35. Ra6 Be7 36. Rd2 Ke6 37. Rda2 Bd8 38. Bd5+ Kf6 39. R2a3 Be7 40. Ra7 Bd8 41. Rxc7 Bxc7 42. Ra7 Rc8 43. Bc6 Ke7 44. e4 fxe4+ 45. Kxe4 Ke6 46. Bd5+ Kf6 47. Kd4 Ke7 48. Bf3 f5 49. Kd5 Kd7 50. Kd4 Ke7 51. Bd5 Kf6 52. Bc6 Ke6 53. Bb7 Rf8 54. Bd5+ Kd7 55. Be6+ Kd8 56. Kd5 Re8 57. Ra8+ Ke7 58. Ra7 Kd8 59. Kc6 Rxe6 60. Rxc7 Re3 61. Rd7+ Ke8 62. Rxd6 Rxg3 63. Kxb6 Rf3 64. Rxg6 Rxf4 65. c5 Rxh4 66. c6 Rc4 67. c7 Kd7 68. Rg7+ Kc8 69. Rg8+ Kd7 70. Rd8+ Ke7 71. c8Q Rxc8 72. Rxc8 f4 73. Rc5 f3 74. Rxh5 f2 75. Rf5 f1Q 76. Rxf1 1-0

[Event "Temuco Dalai Larama Cup 1st"]
[Site "Temuco"]
[Date "2018.05.19"]
[Round "5.2"]
[White "Barriga Silva, Felipe"]
[Black "Pena Cifuentes, Tomas Alberto"]
[Result "1-0"]
[WhiteElo "2087"]
[BlackElo "1915"]
[PlyCount "79"]
[EventDate "2018.05.18"]
[EventType "tourn"]
[EventRounds "10"]
[EventCountry "CHI"]
[SourceTitle "EXT 2024"]
[Source "ChessBase"]
[SourceDate "2023.10.10"]
[SourceVersion "1"]
[SourceVersionDate "2023.10.10"]
[SourceQuality "1"]

1. e4 e6 2. d3 d5 3. Nd2 c5 4. Ngf3 Nc6 5. Be2 g6 6. 0-0 Bg7 7. c3 Nge7 8. Nb3 b6 9. Bg5 Qc7 10. exd5 exd5 11. d4 c4 12. Nbd2 0-0 13. Re1 h6 14. Bh4 f5 15. Bxe7 Nxe7 16. Ne5 Be6 17. Bf3 g5 18. h3 Bxe5 19. Rxe5 Qd7 20. Qe2 Ng6 21. Rxe6 Nf4 22. Qe5 Qxe6 23. Qxe6+ Nxe6 24. Bxd5 Rae8 25. Re1 Kf7 26. Nxc4 Kf6 27. Ne5 Nf4 28. Bc6 Rxe5 29. Rxe5 Nd3 30. Re2 Rc8 31. Bb5 Nf4 32. Re5 Rd8 33. Kf1 h5 34. g3 Nxh3 35. Bd3 f4 36. Bf5 g4 37. Bc2 fxg3 38. fxg3 Rh8 39. c4 h4 40. Kg2 1-0